| 000 | 01256nam a2200289 i 4500 | ||
|---|---|---|---|
| 001 | 26093 | ||
| 003 | ES-MaACL | ||
| 005 | 20251013235009.0 | ||
| 007 | t| | ||
| 008 | 151214s2013 sp a c |||| | spa d | ||
| 020 | _aISBN 978-84-7564-637-4 | ||
| 080 | _a75 Vieites, Emilio (083.824) | ||
| 100 | 1 |
_aVieites, Emilio. _9158354 |
|
| 245 | 1 | 0 |
_aEmilio Vieites _b: antología : septiembre-noviembre 2013, MUBAM, Museo de Bellas Artes de Murcia / _c[comisario, Juan González Sánchez ; textos, Ana Cristina Herreros, Juan Bautista Sanz, Sergio Acosta Álvarez]. |
| 260 |
_a[Murcia] : _bTres Fronteras : _bE.V.A., _c[2013] |
||
| 300 |
_a135, [18] p. : _bprincipalmente il. col. ; _c23 x 23 cm. |
||
| 600 | 1 | 4 |
_aVieites, Emilio- _vExposiciones. _9158355 |
| 655 | 7 |
_2tgfbne _9193628 _aCatálogos de exposiciones |
|
| 700 | 1 |
_aGonzález Sánchez, Juan, _d1975- _9158356 |
|
| 700 | 1 |
_aHerreros, Ana Cristina ( _d1965-) _9158357 |
|
| 700 | 1 |
_aSanz, Juan Bautista, _d1949- _9158358 |
|
| 700 | 1 |
_aAcosta Álvarez, Sergio. _9158359 |
|
| 852 |
_aES-MaACL _jA-13502 _9 27076 _bR.150385 _cDEPO1 _dOlim: N-6502 _gDedicatoria autógrafa del autor _hDonacion: Emilio Vieites |
||
| 903 |
_9158355 _aVieites, Emilio- _ednr |
||
| 942 | _2udc | ||
| 999 |
_c26093 _d26093 |
||